000 00510cam a2200169 4500500
005 20251012032550.0
041 _afre
042 _adc
100 1 0 _aRamón Jiménez, Juan
_eauthor
700 1 0 _a Sesé, Bernard
_eauthor
700 1 0 _a Corti, Joseé
_eauthor
245 0 0 _a(Mitolojía)/(Mythologie)
260 _c2005.
500 _a40
786 0 _nSigila | 16 | 2 | 2005-12-20 | p. 208-209 | 1286-1715
856 4 1 _uhttps://shs.cairn.info/revue-sigila-2005-2-page-208?lang=fr&redirect-ssocas=7080
999 _c1547666
_d1547666